Contemporary india and education / (Record no. 152195)

MARC details
000 -LEADER
fixed length control field 00651nam a22001937a 4500
005 - DATE AND TIME OF LATEST TRANSACTION
control field 20180706170221.0
010 ## - LCCN (DPL NO)
LC control number ENG-123069
020 ## - INTERNATIONAL STANDARD BOOK NUMBER
Terms of availability 350.00
International Standard Book Number 9789386262455
035 ## - SYSTEM CONTROL NUMBER
System control number EN-106601
037 ## - SOURCE OF ACQUISITION
Stock number DBAD/PUB.
082 ## - DEWEY DECIMAL CLASSIFICATION NUMBER
Classification number 370.954
100 ## - MAIN ENTRY--PERSONAL NAME
Personal name Naushad Husain
245 ## - TITLE STATEMENT
Title Contemporary india and education /
Statement of responsibility, etc by Naushad Husain
260 ## - PUBLICATION, DISTRIBUTION, ETC. (IMPRINT)
Place of publication, distribution, etc Delhi
Name of publisher, distributor, etc Shipra Publications
Date of publication, distribution, etc 2017
270 ## - ADDRESS
Address H.O. LG 18-19, Pankaj Central Market, Patparganj, I.P. Extn.
City Delhi
Postal code 110092
Telephone number 011-22235152/6152
Electronic mail address info@shiprapublication.com
300 ## - PHYSICAL DESCRIPTION
Extent xvi, 416p.
Other physical details 21cm(pbk)
500 ## - GENERAL NOTE
General note It include references
942 ## - ADDED ENTRY ELEMENTS (KOHA)
Source of classification or shelving scheme Dewey Decimal Classification
Item type English Books
Classification part 370.954
Call number suffix NAU
Holdings
Withdrawn status Lost status Not for loan Collection code Home library Current library Date acquired Source of acquisition Cost, normal purchase price Full call number Barcode Copy number Cost, replacement price Koha item type
    Not For Loan Non-fiction D.B.Act.Division Patel Nagar 21/05/2018 DBAD/PUB 350.00 370.954 NAU EN-106601 1 350.00 English Books

© Delhi Public Library
Hit Counter
free hit counter